Dominación del capital extranjero sobre capital nacional y el papel crucial de la tecnología. Control monopólico de la empresa transnacional Grace sobre el desarrollo papelero en el Perú
Enregistré dans:
| Auteur principal: | |
|---|---|
| Format: | Texte |
| Publié: |
Quito :
|
| Tags: |
Ajouter un tag
Pas de tags, Soyez le premier à ajouter un tag!
|
MARC
| LEADER | 00000 a a2200000 04500 | ||
|---|---|---|---|
| 001 | 16168 | ||
| 003 | |||
| 040 | |a CRAI/IIS |c CRAI/IIS | ||
| 090 | |a SO.0001 C749c | ||
| 100 | |a Soberón A., Luis | ||
| 245 | |a Dominación del capital extranjero sobre capital nacional y el papel crucial de la tecnología. Control monopólico de la empresa transnacional Grace sobre el desarrollo papelero en el Perú | ||
| 260 | |a Quito : | ||
| 300 | |a 21 p. | ||
| 999 | |c 17798 |d 17798 | ||
